Statistics for Word Scramble - Spanish Cities

Click here to take the quiz!

General Stats

  • This quiz has been taken 631 times
  • The average score is 12 of 21

Answer Stats

City% Correct
Madrid
95%
Málaga
93%
Palma
91%
León
86%
Vigo
86%
Zaragoza
86%
Barcelona
85%
Bilbao
84%
Cádiz
83%
Valencia
81%
Córdoba
80%
Granada
77%
Lugo
76%
Sevilla
76%
Toledo
76%
Pamplona
75%
Valladolid
73%
Guadalajara
71%
Murcia
62%
Gijón
61%
Salamanca
58%
Elche
53%
Oviedo
53%
Huelva
52%
Burgos
48%
Almería
47%
Girona
42%
Tarragona
40%
Alicante
37%
Badajoz
35%
Logroño
35%
Cuenca
34%
Huesca
34%
Segovia
33%
Albacete
32%
Cáceres
31%
Lleida
24%
Palencia
21%
Pontevedra
17%
Ourense
16%

Score Distribution

Percentile by Number Answered

Percent of People with Each Score

Your Score History

You have not taken this quiz